| 000 | 00599nam a22001697a 4500 | ||
|---|---|---|---|
| 999 |
_c60991 _d60991 |
||
| 005 | 20231204172403.0 | ||
| 008 | 231204s2001 enk||||| |||| 00| 0 eng d | ||
| 020 | _a9789004497238 | ||
| 041 | _aeng | ||
| 080 | _a902.6 N-86 | ||
| 245 |
_aNorth Pontic Archaeology / _bRecent Discoveries and Studies _cEditor G.R. Tsetskhladze. |
||
| 264 |
_aBoston : _bBrill, _c2001. |
||
| 300 |
_a530 p. : _bill.; _c25 cm. |
||
| 653 | _aჩრდილოეთ პონტის არქეოლოგია | ||
| 700 |
_aTsetskhladze, Gocha R. _eრედაქტორი _920574 |
||
| 942 |
_2udc _cᲬᲘᲒᲜᲘ |
||